Southville International School and Colleges
Your cart is empty.
  • Cart
  • Lists
    Public lists list_1 View all
    Your lists Log in to create your own lists
  • Log in to your account
  • Your cookies
  • Search history
Southville International School and Colleges
  • Advanced search
  • Recent comments
  • Most popular
  • Libraries

Log in to your account

Log in with GOOGLE


If you do not have an external account, but do have a local account, you can still log in:

  1. Home
  2. MARC view: Batis:
Normal view MARC view ISBD view

Batis: (Record no. 364184)

[ view plain ]
MARC details
000 -LEADER
fixed length control field 00518nam a2200169Ia 4500
003 - CONTROL NUMBER IDENTIFIER
control field 1234
005 - DATE AND TIME OF LATEST TRANSACTION
control field 20251028012026.0
008 - FIXED-LENGTH DATA ELEMENTS--GENERAL INFORMATION
fixed length control field 200911s9999 xx 000 0 und d
020 ## - INTERNATIONAL STANDARD BOOK NUMBER
International Standard Book Number 978-971-98-0932-6
100 ## - MAIN ENTRY--PERSONAL NAME
Personal name Torres, Jose Victor
245 ## - TITLE STATEMENT
Statement of responsibility, etc Jose Victor Torres
Title Batis:
Remainder of title sources in Philippine history/
260 ## - PUBLICATION, DISTRIBUTION, ETC. (IMPRINT)
Place of publication, distribution, etc Quezon City:
Name of publisher, distributor, etc C and E Publishing, Inc.
Date of publication, distribution, etc 2018
300 ## - PHYSICAL DESCRIPTION
Extent ix, 231 pages
Dimensions 22 cm.
650 ## - SUBJECT ADDED ENTRY--TOPICAL TERM
Topical term or geographic name as entry element Philippines -- History
650 ## - SUBJECT ADDED ENTRY--TOPICAL TERM
Topical term or geographic name as entry element Philippines -- politics and government
942 ## - ADDED ENTRY ELEMENTS (KOHA)
Source of classification or shelving scheme Library of Congress Classification
Koha item type Books
Holdings
Withdrawn status Lost status Damaged status Home library Current library Shelving location Date acquired Source of acquisition Total Checkouts Full call number Barcode Date last seen Price effective from Koha item type
      College Library College Library Filipiniana Section 09/11/2020     DS 668 .T67 2018 C22363 09/11/2020 09/11/2020 Books

Batis:

APA

Torres J. V., . (2018). Batis. Quezon City: C and E Publishing, Inc.

Chicago

Torres Jose Victor, . 2018. Batis. Quezon City: C and E Publishing, Inc.

Harvard

Torres J. V., . (2018). Batis. Quezon City: C and E Publishing, Inc.

MLA

Torres Jose Victor, . Batis. Quezon City: C and E Publishing, Inc. 2018.

  • Place hold
  • Print
  • Cite
  • Add to your cart (remove)
  • Save record
    BIBTEX Dublin Core MARCXML MARC (non-Unicode/MARC-8) MARC (Unicode/UTF-8) MARC (Unicode/UTF-8, Standard) MODS (XML) RIS
  • More searches
    Search for this title in:
    Other Libraries (WorldCat) Other Databases (Google Scholar) Online Stores (Bookfinder.com) Open Library (openlibrary.org)

Exporting to Dublin Core...

SOUTHVILLE LIBRARY

Southville International School and Colleges Library

1281 Tropical Ave. Cor. Luxembourg St., BF Homes International, Las Pinas City

Tel. No. 8256374 / 252358 Loc. 117/146

Powered by Koha